| 000 | 00416nam a2200157Ia 4500 | ||
|---|---|---|---|
| 005 | 20250411013754.0 | ||
| 008 | 240331s9999 xx 000 0 und d | ||
| 020 | _a955200943X | ||
| 082 |
_bHOR _a323 |
||
| 100 | _aHoreshes, A | ||
| 245 | 0 |
_aGini avi saha gini keli : _bpathala lokeyen bindak |
|
| 260 |
_aColombo _bGodage & Sons _c1993 |
||
| 300 | _a120 p ., | ||
| 500 | _aPadala Lokiyay Samantha Pothak | ||
| 942 | _cL | ||
| 999 |
_c2486 _d2486 |
||